00688nam a2200217Ia 4500003000400000005001700004008004100021020001400062040000700076041000800083082002200091100002900113245003900142260004900181300001700230365001400247906004300261942001200304999001900316952013500335OSt20230403095242.0210423s2006 xx 000 0 und d a761929878 cAL aeng a302.23 223bREIJ aREINARD (John C).982151 aCommunication research statistics. aNew DelhibSahitya Bhawan Publicationsc2006 axiv,581.bPB b2667cINR aCommunication ; research ; statistics. 2ddccBK c156803d156803 001040708MAJMCaSACPGbSACPGd2009-07-18eCurrent booksg2667.00l0o302.23 REIJpPG003278r2022-08-24 00:00:00w2021-04-26yBK